zpět

Detail výsledku týmu

Hells Bells Beer Pub, Praha

Datum a čas kvízu

31 Celkem bodů Celkový počet nahraných bodů na tomto kvízu bez doplňovacích otázek.
9. Pořadí na kvízu Konečné umístění týmu na tomto kvízu.

Zaznamenané odpovědi

# Otázka Odpověď Body Výsledky
1. Pražský magistrát již v létě p... My, Praha 1
2. Slovenská prezidentka Zuzana Č... Milada Horáková 1
3. Jedné americké herečce byl zab... Sharon Stone 1
4. Bývalý šéf jisté japonské auto... Nissan 1
5. Kolik fanoušků sledovalo v Drá... 30 000 diváků 0
6. 1. ledna došlo k růstu minimál... 14 600 Kč (uznáváme 14 100–15 100) 1
7. V jednom z francouzských zámoř... Nová Kaledonie 0
8. Nový čínský rok začíná 25. led... kryse 0
9. Nejbezpečnějšími aerolinkami p... Qantas 0
10. V červenci a srpnu se v Japons... D 1